000 00747nam a22002777a 4500
001 0000898
003 KOHA_MİRAKIL
005 20260207001223.0
007 ta
008 081212b2006 tu |||grd|||#0|||0|tur |
020 _a9754710619
_cYTL43,605
040 _aTR-BiSEU
_btur
_cTR-BiSEU
_erda
041 0 _atur
044 _ctu
050 _aT9
_b.I54 2000
245 0 _aİngilizce Türkçe teknik terimler sözlüğü.
264 1 _aİstanbul :
_bFono Yayınları
_c2006
300 _a1101 sayfa
336 _ametin
_btxt
_2rdacontent
337 _aaracısız
_bn
_2rdamedia
338 _acilt
_bnc
_2rdacarrier
650 0 _aTeknoloi--Sözlükler.
_93470
650 0 _aSözlükler--Teknoloji.
_93471
907 _aSözlük
942 _2lcc
_cBK
999 _c893
_d893